000 00796nam a2200217Ia 4500
999 _c52551
_d52551
001 19575
003 GE_BSU
005 20200305182748.0
008 181216s1965||||ge |||||||||||||| ||geo||
040 _cGE_BSU
041 _ageo
080 _a81'322.4 მ-28
245 _aმანქანური თარგმანი = Машинный Перевод /
_cრედ.ვ. ჭიჭინაძე.
264 _aთბილისი :
_bმეცნიერება,
_c1965.
300 _a62 გვ. ;
_c25სმ.
541 _h72თ.
653 _aმანქანური თარგმანი
700 _aჭიჭინაძე, ვ.
_eრედაქტორი
_97698
710 _aსაქ. სსრ მეცნ. აკადემია
_97699
942 _cBK
_2udc